Normal view
MARC view
- Tomlinson, Henry Major
Entry Personal Name
001 - CONTROL NUMBER
- control field: 107826
003 - CONTROL NUMBER IDENTIFIER
- control field: NUST
005 - DATE AND TIME OF LATEST TRANSACTION
- control field: 20230126183022.0
008 - FIXED-LENGTH DATA ELEMENTS
- fixed length control field: 230126|| aca||aabn | a|a d
040 ## - CATALOGING SOURCE
- Original cataloging agency: NUST
- Transcribing agency: NUST
100 ## - HEADING--PERSONAL NAME
- Personal name: Tomlinson, Henry Major
670 ## - SOURCE DATA FOUND
- Source citation: Work cat.: (NUST)186171: Tomlinson, Henry Major, South to Cadiz /, 1934
